| 000 | 01270nam0a22002771 4500 | ||
|---|---|---|---|
| 001 | rc\4062577 | ||
| 005 | 20250611074725.0 | ||
| 021 |
_aRU _b[51-34861] |
||
| 035 | _a(NLR Aleph) 008113874 | ||
| 090 |
_a9321452 _c9321452 |
||
| 100 | _a20130415d1951 |||y0rusy50 ca | ||
| 101 | 0 | _arus | |
| 102 | _aRU | ||
| 105 | _ay z ||||| | ||
| 200 | 1 |
_aМедико-санитарное обслуживание великих строек коммунизма _eТруды Сталингр. науч. сессии АМН СССР 20-24 апр. 1951 г. _f[Ред. коллегия: Н.Н. Жуков-Вережников (отв. ред.) и др.] _gАкад. мед. наук СССР |
|
| 210 |
_aМосква _cИзд-во Акад. мед. наук СССР _d1951 |
||
| 215 |
_a195 с. _d27 |
||
| 225 | 1 | _aПроблемы медицины | |
| 606 |
_aВеликие стройки коммунизма _xМедико-санитарное обслуживание _jСборники _2psbo |
||
| 702 | 1 |
_4340 _aЖуков-Вережников _bН. Н. _f1908-1981 _gНиколай Николаевич _9228633 _3RU\NLR\AUTH\770228689 |
|
| 801 | 0 |
_aRU _bNLR _gpsbo |
|
| 801 | 1 |
_aRU _bELAR _2rusmarc |
|
| 852 |
_aNLR _jМд96 Г-7/26 |
||
| 942 | _cBOOK | ||
| 980 | _aNB | ||